| 000 | 00889nam a22002537a 4500 | ||
|---|---|---|---|
| 010 | _aENG-112135 | ||
| 020 |
_a9780199455263 _c495.00 |
||
| 020 |
_a0199455260 _c495.00 |
||
| 035 | _aEN-95667 | ||
| 037 | _bDBAD/PUB | ||
| 082 | _a342.5411 | ||
| 100 | _aNoorani, A.G. | ||
| 245 |
_aArticle 370 : _cby A.G. Noorani _ba constitutional history of Jammu and Kashmir / |
||
| 246 | _a Article three hundred seventy | ||
| 246 | _a Constitutional history of Jammu and Kashmir | ||
| 260 |
_aNew Delhi _bOxford University Press _c2014 |
||
| 270 |
_aYMCA Library Building, 1, Jai Singh Road, _bNew Delhi _e110001 |
||
| 300 |
_axvi,487p. _c23cm(pbk) |
||
| 500 | _aIncludes index | ||
| 600 | _a India Constitution. | ||
| 650 |
_a Constitutional history _z India _zJammu and Kashmir. |
||
| 650 |
_a Federal government _zIndia _zHistory. |
||
| 942 |
_2ddc _cEN _mNOO _h342.5411 |
||
| 999 |
_c91319 _d91319 |
||